000 00529nam a2200169 4500
003 LK-CoMWRAF
005 20240118092419.0
008 231213b |||||||| |||| 00| 0 eng d
020 _a9559120026
040 _aLK-CoMWRAF
_dLK-CoMWRAF
_eLK-CoMWRAF
041 _asin
082 _a305.42
_bRAH
100 _aරාහුබද්ධ, සුමිත්‍රා
245 _aකාන්තාව සහ පරිසරය
260 _aකොළඹ :
_bසුමිත්‍රා රාහුබද්ධ,
_c1996
942 _cBK
999 _c4406
_d4406